000 00515nam a22002051i 4500
001 bimo0000636480
003 OSt
005 20160405153947.0
008 900725s1946 sp spa
035 _a(OCoLC)431976511
040 _cBMC
082 _2864.56
100 0 0 _925
_aAzorín
_d1873-1967
245 1 0 _aEspañoles en París
_cAzorín
250 _a4ª ed
260 0 _aBuenos Aires
_bEspasa-Calpe Argentina
_c1946
300 _a183 p.
_c18 cm
490 0 _aAustral
_v67
942 _2ddc
_cBK
_hprozim
999 _c59
_d59